000 00469cam a2200181ua 4500
001 477
008 110406n ii |||gr||||Z||||||eng
040 _cMAIN
082 _a341
245 _aInternational law & Human rights.
_cBy H.O. Agarwal.
250 _a9th.
260 _aNew Delhi.:
_bCentral law publications.,
_c2002.
300 _axxxvi, 908 p.:
_c21 cm.
653 _aPolitical science.
653 _aInternayional law.
700 1 _aAgarwal, H.O,
942 _cBK
999 _c418
_d418